000 01014cam a22003137a 4500
003 CHAP
005 20220329142449.0
008 010327d1999 mx a r 00110 spa d
010 _a83837
011 _a84809
035 _a95335
040 _cCHAP
090 _aFolleto 15511
100 0 0 _aRiesenberg, O.
_997402
245 1 0 _aTécnica de inyección Diesel como visión de conjunto
_c/por O. Riesenberg [y otros]
260 _aMéxico, D.F. : :
_bReverte,
_c1999.
300 _a49 p. :
_bilus. ; gráfs.
590 _aBATCH-UPD
_b10
_c20130110
_lUCH01
_h0345
590 _aBATCH-UPD
_b10
_c20130410
_lUCH01
_h0019
590 _aBATCH-UPD
_b10
_c20130914
_lUCH01
_h0655
590 _aCONVERSION
_b10
_c20130109
_lUCH01
_h1347
650 1 4 _aBombas de alimentación de combustible.
_913620
650 1 4 _aBombas inyectoras.
_913621
650 1 4 _aMotores diesel.
_979100
901 _aBK
905 _aMayto Villalobos S.
942 _cFOLL
949 _aFolleto 15511
_bBC
_cFOLL
_d33724002017264
_eTS1
_i95335
_sb
_t$90.10
999 _c83837
_d83837